00944nam a22002177a 4500003000400000005001700004008004100021020001400062040002900076050002200105100002900127245016500156260003500321300002900356650006400385650005300449700002700502942001500529952016500544999001700709OSt20260612151810.0260612b |||||||| |||| 00| 0 eng d a157542004 cChuka University Library aLC 4705b.W5 1996 aWinebrenner Susan927084 aTeaching Kids with Learning Difficulties in the Regular Classroom: Strategies and Techniques Every Teacher Can Use to Challenge and Motivate Struggling Students aMinneapolisbFree Spiritc1996 avii, 237PbIllustrations aLearning Disabled Children- Education- United States927085 aMainstreaming in Education- United States929033 aPamela Espeland929034 2lcccBKn0 00102lcc40708LGLaCHKbCHKcGENd2026-06-12eDonations from Books of Africag695.36l0oLC 4705 .W5 1996p34318/2026r2026-06-12 15:21:46t1w2026-06-12yBK c24201d24201